| 000 | 01050cam a2200301 a 4500 | ||
|---|---|---|---|
| 001 | 12541333 | ||
| 003 | ARRUPE | ||
| 005 | 20211015111321.0 | ||
| 008 | 010921s2001 enk b 001 0 eng | ||
| 010 | _a 2001276393 | ||
| 020 | _a0192842838 | ||
| 040 |
_aDLC _cDLC _dDLC |
||
| 043 | _ae-ie--- | ||
| 050 | 0 | 0 |
_aPR5902 _b.L37 2001 |
| 082 | 0 | 0 |
_a821/.8 _221 |
| 100 | 1 |
_aYeats, W. B. _q(William Butler), _d1865-1939. _950526 |
|
| 240 | 1 | 0 |
_aWorks. _kSelections. _f2001 |
| 245 | 1 | 4 |
_aThe major works / _cW.B. Yeats ; edited with an introduction and notes by Edward Larrissy. |
| 260 |
_aOxford ; _aNew York : _bOxford University Press, _c2001. |
||
| 300 |
_a572 p. ; _c20 cm. |
||
| 440 | 0 |
_aOxford world's classics _950527 |
|
| 504 | _aIncludes bibliographical references (p. [558]-560) and index. | ||
| 651 | 0 |
_aIreland _vLiterary collections. _950528 |
|
| 700 | 1 |
_aLarrissy, Edward. _950529 |
|
| 906 |
_a7 _bcbc _corigcop _d2 _encip _f20 _gy-gencatlg |
||
| 942 |
_2lcc _cMONOGRAPH |
||
| 999 |
_c130902 _d130902 |
||